Online Catalogue and eLibrary

Third World - Second Sex: (Record no. 4477)

MARC details
000 -LEADER
fixed length control field 00554nam a2200205Ia 4500
005 - DATE AND TIME OF LATEST TRANSACTION
control field 20250217002852.0
008 - FIXED-LENGTH DATA ELEMENTS--GENERAL INFORMATION
fixed length control field 240331s9999 xx 000 0 und d
020 ## - INTERNATIONAL STANDARD BOOK NUMBER
ISBN 0862320291
082 ## - DDC Classification
Item Number - Author Mark DAV
DDC Edition Number 6007
Class No. 305.4
245 #0 - TITLE STATEMENT
Title Third World - Second Sex:
Remainder of title Women's Struggles and National Liberation
260 ## - PUBLICATION, DISTRIBUTION, ETC.
Place of publication, distribution, etc. London
Name of publisher, distributor, etc. Zed Books Ltd.
Date of publication, distribution, etc. 1983
300 ## - PHYSICAL DESCRIPTION
Extent (e.g. Volumes, Pages etc.) vii, 257 p.,
650 ## - SUBJECT ADDED ENTRY--TOPICAL TERM
Topical term or geographic name entry element Women
650 ## - SUBJECT ADDED ENTRY--TOPICAL TERM
Topical term or geographic name entry element Third World Countries
650 ## - SUBJECT ADDED ENTRY--TOPICAL TERM
Topical term or geographic name entry element Women's Movement
650 ## - SUBJECT ADDED ENTRY--TOPICAL TERM
Topical term or geographic name entry element Women's Health
650 ## - SUBJECT ADDED ENTRY--TOPICAL TERM
Topical term or geographic name entry element Liberation
700 ## - ADDED ENTRY--PERSONAL NAME
Personal name Davies, M
Relator term (Role) Editor
942 ## - Koha item type (Biblio)
Koha item type Books in Stacks (Lending)
Holdings
Lost status Damaged status Collection code Home library Current library Shelving location Date acquired Full call number Accession Number Item type
    Lending WERC Library WERC Library Social Science Cupboard 03/31/2024 305.4 THI 6007 Books in Stacks (Lending)

© WERC Library